000 00409nam a22001577a 4500
003 macl
005 20211219162342.0
008 170111b xxu||||| |||| 00| 0 eng d
040 _cmacl
082 _a530
100 _aNCERT
_94590
245 _aभौतिकी भाग 2
_bकक्षा 12
260 _aदिल्‍ली
_bNCERT
_c2015
650 _aभौतिकी
_966512
942 _2ddc
_cHIN
999 _c55866
_d55866